00395cam a2200169ua 450000100060000000800390000602000150004504000090006004100080006908200130007710000300009024500310012025000120015126000330016330000100019665300190020610521190313n ii |||gr||||Z||||||asm a8173393230 cMAIN aasm a891.4513 aPurabi Barmudai,eAuthor. aBaghsal, baghjal aru manuh a2nd ed. aDibrugarh:bBanalata,c2011. a281p. aAssamese novel